| 000 | 00744nam a2200289Ia 4500 | ||
|---|---|---|---|
| 005 | 20260324141159.0 | ||
| 008 | 008 260324s9999 xx 000 0 eng d | ||
| 020 | _a9780203744772 | ||
| 037 | _aEBOOK | ||
| 040 | _aCRL | ||
| 040 | _beng | ||
| 040 | _cCRL | ||
| 041 | _2eng | ||
| 041 | _aeng | ||
| 084 | _qCRL | ||
| 100 |
_aShilong Mei; Hongzhen Wang; Borming Jahn _91207226 |
||
| 245 | 0 | _aOrigin and History of the Earth | |
| 245 | 0 | _bProceedings of the 30th International Geological Congress, Volume 1 | |
| 260 | _bTaylor and Francis | ||
| 260 | _c1997 | ||
| 365 | _a | ||
| 365 | _b385 | ||
| 856 | _uhttp://www.taylorfrancis.com/books/9780203744772 | ||
| 942 | _cEBOOK | ||
| 999 |
_c1810034 _d1810034 |
||